000 00519nam a22001697a 4500
999 _c41031
_d41031
003 OSt
005 20210226110331.0
008 210226b ||||| |||| 00| 0 eng d
020 _a9789353024888
040 _coclc
082 _a332.1092
_bRAJ/I
100 _98497
_aRajan, Raghuram G
245 _aI Do What I Do /
_bOn Reform Rhetoric And Resolve
_cRaghuram G Rajan
260 _aChennai:
_bHarper Business,
_c2018.
300 _a342p
942 _2ddc
_cBK
_h332.1092
_iRAJ/I
_k332.1092
_mRAJ/I